Etica de la sexualidad y del matrimonio /

Sábháilte in:
Sonraí bibleagrafaíochta
Príomhchruthaitheoir: López Azpitarte, Eduardo (autor)
Formáid: LEABHAR
Teanga:Spáinnis
Foilsithe / Cruthaithe: Madrid, España : Ediciones Paulinas, 1992, c1992
Clibeanna: Cuir clib leis
Níl clibeanna ann, Bí ar an gcéad duine le clib a chur leis an taifead seo!

MARC

LEADER 00000nam^a2200000^a^4500
001 000596487
005 20250521000000.0
009 20260310133107.387
020 |a 84-285-1499-2 
037 |a Acervo Xavier Clavigero 
041 |a ESP 
091 |a FDU. 00742 
100 |a López Azpitarte, Eduardo  |e (autor) 
245 1 0 |a Etica de la sexualidad y del matrimonio / 
264 4 |a Madrid, España :  |b Ediciones Paulinas,  |c 1992, c1992 
300 |a 544 p. 
336 |a texto  |b txt  |2 rdacontenido 
337 |a sin mediación  |b n  |2 rdamedio 
338 |a volumen  |b nc  |2 rdasoporte 
649 |a XX 
910 |a Fondo Víctor Raúl Durana Valerio S.J. 
920 |a Impresos - Libros 
930 |a Fondos Especiales 
905 |a 116 
901 |a 596487-10  |b IT2  |c ESP  |i D3499  |u 20250521 
902 |a https://opac.biblio.iteso.mx/vufind/Record/000596487